000 00981cam a2200253 4500
008 090401t1993 xxu||||| |||| 00| 0 eng d
020 _a0421461209
035 _a(Sirsi) u45454
041 _aeng
050 _a332.6324
245 _aJoint ventures in property: structures and precedents.
260 _aLondon
_bSweet & Maxwell
_c1993
300 _axxxv,322p. ; 30cm.
350 _a141
520 _aBased on a series of lectures organised by Henry Stewart under the title Structuring and Documenting Joint Ventures in Property - Problems and Solutions. Accompanied by a computer disk containing the precedents, which are also published in the book. Disk is kept in the Library Annexe and is not available for loan.
650 _aJOINT VENTURES
650 _aPROPERTY COMPANIES
650 _aPROPERTY DEVELOPMENT
650 _aPROPERTY INVESTMENT
690 _aPROPERTY LAW AND PRACTICE
700 _aMagnus, Alan M.
_xEditor
942 _n0
948 _c04/03/1997
999 _c91727
_d91727